Perspectivas del sindicalismo en las economías globalizadas (Registro nro. 28967)

Detalles MARC
000 -LEADER
fixed length control field 00382 a2200109 4500
001 - CONTROL NUMBER
control field ART_25971
005 - DATE AND TIME OF LATEST TRANSACTION
control field 20260410161935.0
008 - FIXED-LENGTH DATA ELEMENTS--GENERAL INFORMATION
fixed length control field 260409a
100 1# - MAIN ENTRY--PERSONAL NAME
Personal name Montuschi, Luisa
245 10 - TITLE STATEMENT
Title Perspectivas del sindicalismo en las economías globalizadas
773 0# - HOST ITEM ENTRY
Title Anales de la Academia Nacional de Ciencias Económicas
Related parts - Vol. XLV, (2000) (ene. 2001)
Record control number REV25596

No hay ítems disponibles.